[Event "Katowice POL-HUN 10th"]
[Site "Katowice"]
[Date "2023.09.09"]
[Round "1"]
[White "Rainer, Piotr"]
[Black "Krasenkow, Michal"]
[Result "0-1"]
[WhiteElo "1821"]
[BlackElo "2531"]
[PlyCount "102"]
[EventDate "2023.09.09"]
[EventType "swiss (rapid)"]
[EventRounds "9"]
[EventCountry "POL"]
[SourceTitle "EXT 2024"]
[Source "ChessBase"]
[SourceDate "2023.10.10"]
[SourceVersion "1"]
[SourceVersionDate "2023.10.10"]
[SourceQuality "1"]

1. e4 d6 2. d4 Nf6 3. Nc3 c6 4. Be3 Ng4 5. Bg5 h6 6. Bh4 g5 7. Bg3 Bg7 8. Qd2 e5 9. dxe5 Nxe5 10. 0-0-0 0-0 11. f4 gxf4 12. Bxf4 Qf6 13. Nf3 Nbd7 14. Be2 b5 15. Rdf1 Nb6 16. g3 Nec4 17. Qe1 Bh3 18. Rf2 Qe6 19. Bxc4 Nxc4 20. g4 Nxb2 21. Kxb2 b4 22. e5 bxc3+ 23. Qxc3 Rab8+ 24. Ka1 Qxg4 25. Bxh6 Bxh6 26. Rg1 Bg7 27. Rxg4 Bxg4 28. Rg2 f5 29. h3 Bxf3 30. Qxf3 dxe5 31. Qxc6 e4+ 32. c3 Rf7 33. a4 Kh8 34. h4 Rbf8 35. h5 e3 36. h6 Bf6 37. Qc5 f4 38. Rg1 e2 39. Ka2 f3 40. Qe3 Re7 41. Qxf3 e1Q 42. Rxe1 Rxe1 43. Qb7 Re7 44. Qc6 Be5 45. c4 Bd4 46. Qd6 Re2+ 47. Kb3 Rf3+ 48. Kb4 Rb2+ 49. Ka5 Rf5+ 50. c5 Rxc5+ 51. Ka6 Rb6+ 0-1

[Event "Katowice POL-HUN 10th"]
[Site "Katowice"]
[Date "2023.09.09"]
[Round "5"]
[White "Rainer, Piotr"]
[Black "Smagacz, Dariusz"]
[Result "0-1"]
[WhiteElo "1821"]
[BlackElo "2110"]
[PlyCount "90"]
[EventDate "2023.09.09"]
[EventType "swiss (rapid)"]
[EventRounds "9"]
[EventCountry "POL"]
[SourceTitle "EXT 2024"]
[Source "ChessBase"]
[SourceDate "2023.10.10"]
[SourceVersion "1"]
[SourceVersionDate "2023.10.10"]
[SourceQuality "1"]

1. e4 c5 2. Nf3 e6 3. d4 cxd4 4. Nxd4 Nf6 5. Nc3 d6 6. Be2 a6 7. 0-0 Qc7 8. Kh1 Be7 9. f4 0-0 10. Bf3 Nc6 11. Nb3 Rd8 12. Qe1 Rb8 13. g4 b5 14. g5 Nd7 15. a3 Bb7 16. Qg3 Bf8 17. Be3 Nc5 18. Nxc5 dxc5 19. Bg2 Nd4 20. Rf2 Bc6 21. e5 Nf5 22. Qh3 Qb7 23. Re1 b4 24. axb4 cxb4 25. Nb1 Rbc8 26. c3 Nxe3 27. Qxe3 Bc5 28. Qe2 Bxf2 29. Qxf2 Bxg2+ 30. Qxg2 Qxg2+ 31. Kxg2 bxc3 32. Nxc3 Rd2+ 33. Kg3 Rxb2 34. Ne4 a5 35. Nd6 Rc3+ 36. Kg4 Rg2+ 37. Kh4 Rxh2+ 38. Kg4 Rhh3 39. f5 Rhd3 40. g6 Rd4+ 41. Ne4 Rcc4 42. fxe6 Rxe4+ 43. Rxe4 Rxe4+ 44. Kf5 fxe6+ 45. Kxe4 hxg6 0-1

[Event "POL-ch Blitz U18"]
[Site "Bydgoszcz"]
[Date "2023.08.31"]
[Round "1"]
[White "Rainer, Piotr"]
[Black "Czernek, Tymon"]
[Result "0-1"]
[WhiteElo "1821"]
[BlackElo "2288"]
[PlyCount "56"]
[EventDate "2023.08.28"]
[EventType "swiss"]
[EventRounds "10"]
[EventCountry "POL"]
[SourceTitle "EXT 2024"]
[Source "ChessBase"]
[SourceDate "2023.10.10"]
[SourceVersion "1"]
[SourceVersionDate "2023.10.10"]
[SourceQuality "1"]

1. e4 c5 2. Nf3 d6 3. d4 cxd4 4. Nxd4 Nf6 5. Nc3 a6 6. h4 e5 7. Nb3 Be6 8. f4 exf4 9. Bxf4 Be7 10. Qd2 Nh5 11. g3 Nxf4 12. Qxf4 Nc6 13. 0-0-0 Qb6 14. Kb1 0-0 15. g4 Bf6 16. Nd5 Bxd5 17. exd5 Be5 18. Qe4 Ne7 19. g5 f5 20. gxf6 Rxf6 21. Bh3 Raf8 22. c3 Rf2 23. Rd2 a5 24. Rhd1 Qb5 25. Be6+ Kh8 26. Nd4 Qc4 27. Rxf2 Rxf2 28. Nf5 Qxe4+ 0-1

[Event "POL-chT 2nd League"]
[Site "Poronin"]
[Date "2020.09.05"]
[Round "1.11"]
[White "Rainer, Piotr"]
[Black "Kowalski, Maciej"]
[Result "0-1"]
[WhiteElo "1641"]
[BlackElo "2078"]
[PlyCount "68"]
[EventDate "2020.09.05"]
[EventType "team-swiss"]
[EventRounds "9"]
[EventCountry "POL"]
[SourceTitle "CBM 198 Extra"]
[Source "ChessBase"]
[SourceDate "2020.11.30"]
[SourceVersion "1"]
[SourceVersionDate "2020.11.30"]
[SourceQuality "1"]
[WhiteTeam "Staniatki Goniec"]
[BlackTeam "Grzybowo GKSz Solny"]
[WhiteTeamCountry "POL"]
[BlackTeamCountry "POL"]

1. e4 c5 2. Nf3 Nc6 3. d4 cxd4 4. Nxd4 Nf6 5. Nc3 d6 6. Bc4 e6 7. Be3 Be7 8. 0-0 0-0 9. Qe2 Qc7 10. Rad1 a6 11. f3 Bd7 12. Nb3 b5 13. Bd3 Ne5 14. Nb1 d5 15. f4 Nxd3 16. cxd3 dxe4 17. dxe4 Nxe4 18. Bd4 Bc6 19. Nc3 Nxc3 20. bxc3 Bd6 21. Rd3 Bd5 22. Rh3 f6 23. f5 exf5 24. Qf2 g6 25. Qh4 Be5 26. g4 fxg4 27. Qxg4 Rae8 28. Qh4 Bc4 29. Bb6 Qxb6+ 30. Rf2 Rf7 31. Nd4 Bxd4 32. cxd4 Re1+ 33. Kg2 Bd5+ 34. Kg3 Rg1+ 0-1

[Event "Ustron op-C"]
[Site "Ustron"]
[Date "2020.08.15"]
[Round "2"]
[White "Jablonski, Lechoslaw"]
[Black "Rainer, Piotr"]
[Result "1-0"]
[WhiteElo "1433"]
[BlackElo "1631"]
[PlyCount "122"]
[EventDate "2020.08.15"]
[EventType "swiss"]
[EventRounds "9"]
[EventCountry "POL"]
[SourceTitle "EXT 2021"]
[Source "ChessBase"]
[SourceDate "2020.10.23"]
[SourceVersion "1"]
[SourceVersionDate "2020.10.23"]
[SourceQuality "1"]

1. e4 c5 2. f4 Nc6 3. Nf3 b6 4. Nc3 Bb7 5. Bc4 e6 6. 0-0 d6 7. d4 cxd4 8. Nxd4 a6 9. Be3 Nge7 10. f5 Nxd4 11. Bxd4 e5 12. Be3 b5 13. Bb3 b4 14. Nd5 Nxd5 15. Bxd5 Bxd5 16. Qxd5 Qc8 17. f6 g6 18. a4 Rb8 19. Rf2 Qb7 20. Rd1 Qxd5 21. Rxd5 h5 22. h4 b3 23. c3 Rc8 24. Ra5 Rc4 25. Rxa6 Rxe4 26. Bg5 Re1+ 27. Kh2 e4 28. Rb6 Kd7 29. Rxb3 d5 30. g3 Bc5 31. Rd2 Ke6 32. Rb5 Bg1+ 33. Kg2 Rd8 34. a5 e3 35. Rc2 Bf2 36. Rxf2 exf2 37. Kxf2 Ra1 38. Be3 Rd6 39. Bd4 Kf5 40. Kf3 Rf1+ 41. Kg2 Rd1 42. b4 Kg4 43. Rb6 Rd2+ 44. Bf2 Rd8 45. Rb7 Re8 46. Re7 Rc8 47. Re3 Rc6 48. Rf3 g5 49. b5 Rc5 50. hxg5 Rxb5 51. g6 Kg5 52. g7 Rb8 53. Kh3 Kg6 54. a6 Kh7 55. Kh4 Ra2 56. a7 Rb1 57. Kxh5 Rh1+ 58. Kg5 Rh2 59. Bd4 Ra6 60. g4 Re2 61. Rh3+ Kg8 1-0

[Event "Ustron op-C"]
[Site "Ustron"]
[Date "2020.08.15"]
[Round "7"]
[White "Rainer, Piotr"]
[Black "Malik, Maciej"]
[Result "0-1"]
[WhiteElo "1631"]
[BlackElo "1559"]
[PlyCount "60"]
[EventDate "2020.08.15"]
[EventType "swiss"]
[EventRounds "9"]
[EventCountry "POL"]
[SourceTitle "EXT 2021"]
[Source "ChessBase"]
[SourceDate "2020.10.23"]
[SourceVersion "1"]
[SourceVersionDate "2020.10.23"]
[SourceQuality "1"]

1. e4 d6 2. d4 Nf6 3. Nc3 g6 4. f4 Bg7 5. Nf3 0-0 6. Bd3 c5 7. dxc5 dxc5 8. 0-0 Nc6 9. Be3 Qa5 10. Qe2 a6 11. Nd1 Ng4 12. c3 Nxe3 13. Nxe3 b5 14. Qf2 Bb7 15. a3 Rad8 16. Rad1 c4 17. Bc2 e6 18. f5 Qb6 19. g4 exf5 20. gxf5 Ne5 21. Nd4 Nd3 22. Bxd3 Rxd4 23. Nc2 Rd6 24. Be2 Qxf2+ 25. Rxf2 Rxd1+ 26. Bxd1 Bxe4 27. fxg6 hxg6 28. Nb4 a5 29. Nc2 Rd8 30. Ne3 Bh6 0-1